Normas de tránsito : compendio de legislación /

Ley de tránsito y transporte y Decreto reglamentario. Nueva licencia nacional de conducir. Régimen de contravenciones y sanciones por faltas. Sistema de puntos. Requisitos para la obtención de la licencia (Nación, CABA y Prov. de Bs. As.). Señales de tránsito. Modelos de examen

Guardado en:
Otros Autores: Parada, Ricardo Antonio., Errecaborde, José Daniel.
Formato: Libro
Idioma:Spanish
Publicado: Ciudad Autónoma de Buenos Aires : Erreius, 2018.
Edición:1a. ed.
Etiquetas: Agregar Etiqueta
Sin Etiquetas, Sea el primero en etiquetar este registro!
LEADER 00853nam a22001695a 4500
001 DER.der013873
008 190625s2018####ag############000#0#spa#d
005 20241029104947.0
245 1 0 |a Normas de tránsito :  |b compendio de legislación /  |c Compilado por Ricardo Antonio Parada ; José Daniel Erracaborde. 
250 |a 1a. ed. 
260 |a Ciudad Autónoma de Buenos Aires :  |b Erreius,  |c 2018. 
300 |a 180 p. 
520 |a Ley de tránsito y transporte y Decreto reglamentario. Nueva licencia nacional de conducir. Régimen de contravenciones y sanciones por faltas. Sistema de puntos. Requisitos para la obtención de la licencia (Nación, CABA y Prov. de Bs. As.). Señales de tránsito. Modelos de examen 
020 |a 9789874405654 
700 1 |a Parada, Ricardo Antonio. 
700 1 |a Errecaborde, José Daniel. 
859 |a DERECHO  |b BIB. DERECHO  |h 346  |i NOR  |p 008969